Niemcy czy Wielka Brytania - Statystyki

Ogólne statystyki
  • Ten quiz został rozwiązany 239 razy
  • Średni wynik to 7 z 9
Statystyki odpowiedzi
Zagadnienie Odpowiedź % Poprawnych
Który kraj był po stronie Ententy w 1 Wojnie Światowej? Wielka Brytania
92%
Który kraj ma większą powierzchnię? Niemcy
83%
Który kraj ma więcej ludzi? Niemcy
83%
Który kraj miał większą, największą powierzchnię w historii? Wielka Brytania
83%
W którym kraju leży miasto Nottingham? Wielka Brytania
83%
Który kraj ma większe PKB? Niemcy
75%
W którym kraju jest więcej Polaków? Niemcy
67%
W którym kraju jest więcej turystów zagranicznych? Wielka Brytania
67%
Który kraj wygrał Mistrzowstwa Świata i Euro? Niemcy
33%
Nie znaleziono quizów pasujących do podanych kryteriów
Rozkład punktacji
Procent ludzi z każdym wynikiem
Percentyl według liczby udzielonych odpowiedzi
Twoja historia wyników
Nie rozwiązałeś tego quizu